000
00342nam a2200145Ia 4500
008
150201s2010 xx 000 0 und d
082
_a
616.01
_b
M10B
100
_a
BAVEJA , C. P
245
_a
TEXT BOOK OF MICROBIOLOGY
250
_a
3
260
_b
ARYA
_a
NEW DELHI
_c
2010
300
_a
1-628
650
_a
Microbiology
942
_2
ddc
_c
BK
_0
12
999
_c
1242
_d
1242